[Event "Las Vegas National op"]
[Site "Las Vegas"]
[Date "2025.06.06"]
[Round "5"]
[White "Widjaja, Luke"]
[Black "Ghaem Maghami, Ehsan"]
[Result "0-1"]
[WhiteElo "2196"]
[BlackElo "2417"]
[PlyCount "58"]
[EventDate "2025.06.04"]
[EventType "swiss"]
[EventRounds "9"]
[EventCountry "USA"]
[SourceTitle "CB24_2025"]
[SourceDate "2025.06.11"]
[SourceVersion "1"]
[SourceVersionDate "2025.06.11"]
[SourceQuality "1"]

1. e4 c6 2. Nc3 d5 3. Nf3 Nf6 4. e5 Ne4 5. Ne2 Qb6 6. d4 e6 7. Ng3 c5 8. Bd3 Nxg3 9. fxg3 cxd4 10. 0-0 Nc6 11. Qe2 h6 12. Nh4 Bd7 13. a3 Be7 14. b4 Qc7 15. Nf3 a6 16. Bb2 0-0 17. g4 f6 18. exf6 Bxf6 19. g5 hxg5 20. Nxg5 Bxg5 21. Qh5 Bh6 22. Qg6 Rf5 23. Bxf5 exf5 24. Rae1 Rf8 25. g4 Ne5 26. Qh5 Be3+ 27. Kh1 Qxc2 28. Rxe3 dxe3 29. Bxe5 Qe4+ 0-1

[Event "Las Vegas National op"]
[Site "Las Vegas"]
[Date "2025.06.05"]
[Round "2"]
[White "Ghaem Maghami, Ehsan"]
[Black "Siddarth, M."]
[Result "1-0"]
[WhiteElo "2417"]
[BlackElo "2223"]
[PlyCount "136"]
[EventDate "2025.06.04"]
[EventType "swiss"]
[EventRounds "9"]
[EventCountry "USA"]
[SourceTitle "CB24_2025"]
[SourceDate "2025.06.11"]
[SourceVersion "1"]
[SourceVersionDate "2025.06.11"]
[SourceQuality "1"]

1. e4 e5 2. Nf3 Nc6 3. Bc4 Bc5 4. 0-0 d6 5. c3 Nf6 6. d3 0-0 7. Re1 a6 8. a4 Ba7 9. h3 b5 10. Ba2 b4 11. Nbd2 Rb8 12. Nc4 Be6 13. Bg5 h6 14. Bh4 g5 15. Bg3 Re8 16. Nfd2 g4 17. Bh4 Kh7 18. Ne3 Rg8 19. hxg4 bxc3 20. bxc3 Bxe3 21. Rxe3 Rxg4 22. Bxe6 Rxh4 23. Nf3 Rf4 24. Bf5+ Rxf5 25. exf5 Nd5 26. Re1 Qf6 27. d4 e4 28. Nd2 Nxc3 29. Nxe4 Nxe4 30. Rxe4 Qxf5 31. Re3 Rb4 32. Rc1 Rxd4 33. Qe2 Ne5 34. Qxa6 Qf4 35. g3 Qf5 36. Qe2 Rxa4 37. Rxc7 Ra1+ 38. Kg2 Qb1 39. Qc2+ Qxc2 40. Rxc2 Rd1 41. Ree2 Ra1 42. Ra2 Rb1 43. Reb2 Rc1 44. Rd2 Rc6 45. Rac2 Ra6 46. Rd4 f6 47. Rcd2 Nf7 48. Rd5 Kg6 49. R2d4 h5 50. Rd2 Ra4 51. R5d4 Ra5 52. Rb4 Rg5 53. Ra2 Rd5 54. Rbb2 Rg5 55. Kh3 Rc5 56. Rd2 Rb5 57. Ra7 Rb3 58. Re2 Ne5 59. Ra6 Rd3 60. Raa2 Rb3 61. Red2 Nf7 62. Ra7 Nh6 63. Rd5 Nf7 64. Rd7 Rb4 65. f4 Rb3 66. Rd2 Nh6 67. Rd8 Nf7 68. Rd7 Rb6 1-0

[Event "Las Vegas National op"]
[Site "Las Vegas"]
[Date "2025.06.04"]
[Round "1"]
[White "Casella, Michael"]
[Black "Ghaem Maghami, Ehsan"]
[Result "0-1"]
[WhiteElo "2099"]
[BlackElo "2417"]
[PlyCount "48"]
[EventDate "2025.06.04"]
[EventType "swiss"]
[EventRounds "9"]
[EventCountry "USA"]
[SourceTitle "CB24_2025"]
[SourceDate "2025.06.11"]
[SourceVersion "1"]
[SourceVersionDate "2025.06.11"]
[SourceQuality "1"]

1. e4 c5 2. Nf3 e6 3. d4 cxd4 4. Nxd4 a6 5. Bd3 Nf6 6. 0-0 d6 7. c4 g6 8. Nc3 Bg7 9. Be3 0-0 10. Qe2 b6 11. Rfd1 Bb7 12. Rac1 Nbd7 13. f4 Rc8 14. b4 Re8 15. Nb3 e5 16. h3 exf4 17. Bxf4 Ne5 18. Nd2 Nh5 19. Bh2 Bh6 20. Rc2 Bf4 21. Qf1 Bxh2+ 22. Kxh2 Qg5 23. Nf3 Qg3+ 24. Kh1 f5 0-1

[Event "Wch Blitz"]
[Site "New York"]
[Date "2024.12.30"]
[Round "13"]
[White "Ghaem Maghami, Ehsan"]
[Black "Blohberger, Felix"]
[Result "1/2-1/2"]
[WhiteElo "2434"]
[BlackElo "2534"]
[PlyCount "71"]
[EventDate "2024.12.30"]
[EventType "swiss (blitz)"]
[EventRounds "13"]
[EventCountry "USA"]
[SourceTitle "CB01_2025"]
[SourceDate "2025.01.01"]
[SourceVersion "1"]
[SourceVersionDate "2025.01.01"]
[SourceQuality "1"]

1. c4 Nf6 2. Nc3 e5 3. Nf3 Nc6 4. a3 d5 5. cxd5 Nxd5 6. Qc2 Nxc3 7. dxc3 Bd6 8. e4 h6 9. Bc4 a5 10. a4 Qe7 11. Be3 Be6 12. Qb3 Bxc4 13. Qxc4 0-0 14. 0-0 Rfe8 15. Rfd1 Qe6 16. Nd2 Bf8 17. Qxe6 Rxe6 18. Nc4 Rc8 19. Rd5 b6 20. Rad1 f6 21. g3 Kf7 22. Kg2 Ree8 23. Kf3 Red8 24. Ke2 Ke8 25. f4 exf4 26. Bxf4 g5 27. Be3 Ne7 28. Rxd8+ Rxd8 29. Rxd8+ Kxd8 30. Nxb6 cxb6 31. Bxb6+ Kd7 32. Bxa5 Nc6 33. Bb6 Ne5 34. b4 h5 35. Bd4 g4 36. b5 1/2-1/2

[Event "Wch Blitz"]
[Site "New York"]
[Date "2024.12.30"]
[Round "9"]
[White "Ghaem Maghami, Ehsan"]
[Black "Sharshenbekov, Emir"]
[Result "1-0"]
[WhiteElo "2434"]
[BlackElo "2078"]
[PlyCount "63"]
[EventDate "2024.12.30"]
[EventType "swiss (blitz)"]
[EventRounds "13"]
[EventCountry "USA"]
[SourceTitle "CB01_2025"]
[SourceDate "2025.01.01"]
[SourceVersion "1"]
[SourceVersionDate "2025.01.01"]
[SourceQuality "1"]

1. Nf3 f5 2. c4 Nf6 3. g3 g6 4. b4 Bg7 5. Bg2 0-0 6. Bb2 d6 7. d4 Ne4 8. 0-0 c5 9. b5 Nd7 10. Qc2 cxd4 11. Nxd4 Ndc5 12. Nd2 Nxd2 13. Qxd2 Na4 14. Ba3 Qb6 15. Bd5+ Kh8 16. e3 Nc5 17. Bb4 a5 18. Ba3 e6 19. Bg2 Bd7 20. Rac1 Rac8 21. Rfd1 Rfd8 22. Nb3 Nxb3 23. axb3 d5 24. Bb2 Be8 25. Bxg7+ Kxg7 26. Qb2+ Kg8 27. cxd5 Bxb5 28. Rxc8 Rxc8 29. dxe6 Bc6 30. Qf6 Rf8 31. Qe7 Bxg2 32. Rd7 1-0

[Event "Wch Rapid"]
[Site "New York"]
[Date "2024.12.26"]
[Round "1"]
[White "Nidal, Ahmad"]
[Black "Ghaem Maghami, Ehsan"]
[Result "0-1"]
[WhiteElo "1827"]
[BlackElo "2522"]
[PlyCount "64"]
[EventDate "2024.12.26"]
[EventType "swiss (rapid)"]
[EventRounds "13"]
[EventCountry "USA"]
[SourceTitle "CB01_2025"]
[SourceDate "2025.01.01"]
[SourceVersion "1"]
[SourceVersionDate "2025.01.01"]
[SourceQuality "1"]

1. e4 c5 2. Nc3 a6 3. g3 b5 4. Bg2 Bb7 5. d3 b4 6. Nd5 e6 7. Nf4 d6 8. Nf3 Nf6 9. 0-0 Nbd7 10. a3 a5 11. Re1 e5 12. Ne2 Be7 13. Bg5 0-0 14. Nh4 g6 15. f4 c4 16. h3 Nc5 17. Kh2 Re8 18. Ng1 exf4 19. Bxf4 Nh5 20. Nf5 Nxf4 21. Nxe7+ Qxe7 22. gxf4 Qf6 23. Qd2 cxd3 24. cxd3 Nb3 25. Qf2 Nxa1 26. Rxa1 b3 27. a4 Rac8 28. Rb1 Rc2 29. Qg3 Qd4 30. f5 Qe5 31. Qxe5 dxe5 32. Kg3 gxf5 0-1

[Event "US Masters op"]
[Site "Charlotte"]
[Date "2024.12.01"]
[Round "8"]
[White "Ghaem Maghami, Ehsan"]
[Black "Harsha, Bharathakoti"]
[Result "0-1"]
[WhiteElo "2434"]
[BlackElo "2531"]
[PlyCount "64"]
[EventDate "2024.11.27"]
[EventType "swiss"]
[EventRounds "9"]
[EventCountry "USA"]
[SourceTitle "CB49_2024"]
[SourceDate "2024.12.04"]
[SourceVersion "1"]
[SourceVersionDate "2024.12.04"]
[SourceQuality "1"]

1. c4 e5 2. Nc3 Nf6 3. Nf3 e4 4. Ng5 c6 5. Ngxe4 Nxe4 6. Nxe4 d5 7. cxd5 cxd5 8. Ng3 h5 9. e3 h4 10. Ne2 Nc6 11. d4 Qf6 12. Nc3 Bd6 13. Be2 Qg6 14. Bf3 Bf5 15. 0-0 0-0-0 16. Bxd5 Bc7 17. Bxc6 Qxc6 18. f4 h3 19. d5 Qg6 20. g3 Rhe8 21. Bd2 Bb6 22. Re1 Bg4 23. Qb1 Bf5 24. Qd1 Be4 25. Qa4 Kb8 26. Rac1 Qh5 27. Rf1 Bxd5 28. Qd1 Qf5 29. Qe2 Bc6 30. Rfe1 Rd3 31. Rcd1 Rxc3 32. Bxc3 Qe4 0-1

[Event "Washington op 11th"]
[Site "Rockville"]
[Date "2024.08.14"]
[Round "9"]
[White "Ghaem Maghami, Ehsan"]
[Black "Chen, Ryo"]
[Result "0-1"]
[WhiteElo "2447"]
[BlackElo "2408"]
[PlyCount "73"]
[EventDate "2024.08.10"]
[EventType "swiss"]
[EventRounds "9"]
[EventCountry "USA"]
[SourceTitle "EXT 2025"]
[Source "ChessBase"]
[SourceDate "2024.10.14"]
[SourceVersion "1"]
[SourceVersionDate "2024.10.14"]
[SourceQuality "1"]

1. e4 c5 2. c3 d5 3. exd5 Qxd5 4. d4 g6 5. Nf3 Bg7 6. Na3 cxd4 7. Bc4 Qe4+ 8. Be3 Nh6 9. Nb5 0-0 10. cxd4 Nf5 11. Nc7 Nxe3 12. fxe3 Qxe3+ 13. Qe2 Qf4 14. Nxa8 Nc6 15. Bd5 Nxd4 16. Qd2 Qxd2+ 17. Kxd2 Rd8 18. Nc7 Ne6 19. Rhc1 Nxc7 20. Rxc7 Be6 21. Rxe7 Rxd5+ 22. Ke2 Bxb2 23. Rd1 Rb5 24. a4 Rb4 25. h3 Bf6 26. Rc7 a5 27. Nd2 Bd8 28. Rc5 Rxa4 29. Rb1 b6 30. Rc6 Ra2 31. Kd1 a4 32. h4 Bxh4 33. Rcxb6 Bg5 34. R6b2 Rxb2 35. Rxb2 Kg7 36. Rb8 Bf6 37. Ke2 0-1

[Event "Washington op 11th"]
[Site "Rockville"]
[Date "2024.08.11"]
[Round "4"]
[White "Melillo, Lucius"]
[Black "Ghaem Maghami, Ehsan"]
[Result "0-1"]
[WhiteElo "2260"]
[BlackElo "2447"]
[PlyCount "48"]
[EventDate "2024.08.10"]
[EventType "swiss"]
[EventRounds "9"]
[EventCountry "USA"]
[SourceTitle "EXT 2025"]
[Source "ChessBase"]
[SourceDate "2024.10.14"]
[SourceVersion "1"]
[SourceVersionDate "2024.10.14"]
[SourceQuality "1"]

1. d4 Nf6 2. Bf4 d5 3. e3 c5 4. Nf3 Nc6 5. Nbd2 Nh5 6. dxc5 Nxf4 7. exf4 Qa5 8. c4 Qxc5 9. b4 Nxb4 10. a3 Na6 11. Nb3 Qb6 12. cxd5 g6 13. Qd4 Qxd4 14. Nfxd4 Bg7 15. Rc1 0-0 16. Bxa6 bxa6 17. Nc6 Bb2 18. Nxe7+ Kg7 19. Rxc8 Raxc8 20. Nxc8 Rxc8 21. 0-0 Rc3 22. Nd2 Rc2 23. Ne4 Bxa3 24. g3 Rc4 0-1

[Event "Las Vegas National op"]
[Site "Las Vegas"]
[Date "2024.06.09"]
[Round "9"]
[White "Tang, Zoey"]
[Black "Ghaem Maghami, Ehsan"]
[Result "1/2-1/2"]
[WhiteElo "2239"]
[BlackElo "2468"]
[PlyCount "38"]
[EventDate "2024.06.03"]
[EventType "swiss"]
[EventRounds "9"]
[EventCountry "USA"]
[SourceTitle "CBM 220 Extra"]
[Source "ChessBase"]
[SourceDate "2024.07.31"]
[SourceVersion "1"]
[SourceVersionDate "2024.07.31"]
[SourceQuality "1"]

1. d4 Nf6 2. c4 e6 3. Nf3 c5 4. d5 b5 5. dxe6 fxe6 6. cxb5 a6 7. e3 Be7 8. Nc3 0-0 9. bxa6 Nxa6 10. Be2 Bb7 11. 0-0 Nb4 12. b3 Ne4 13. Nxe4 Bxe4 14. Bb2 Nxa2 15. Qd2 Nb4 16. Rxa8 Bxa8 17. Qc3 Rf6 18. Ra1 Bb7 19. h4 d6 1/2-1/2

[Event "Las Vegas National op"]
[Site "Las Vegas"]
[Date "2024.06.06"]
[Round "1"]
[White "Vidyarthi, Omya"]
[Black "Ghaem Maghami, Ehsan"]
[Result "0-1"]
[WhiteElo "2084"]
[BlackElo "2468"]
[PlyCount "112"]
[EventDate "2024.06.03"]
[EventType "swiss"]
[EventRounds "9"]
[EventCountry "USA"]
[SourceTitle "CBM 220 Extra"]
[Source "ChessBase"]
[SourceDate "2024.07.31"]
[SourceVersion "1"]
[SourceVersionDate "2024.07.31"]
[SourceQuality "1"]

1. Nf3 Nf6 2. c4 e6 3. g3 a6 4. Bg2 b5 5. d3 Bb7 6. 0-0 c5 7. b3 Be7 8. Bb2 0-0 9. Nbd2 d5 10. cxd5 Bxd5 11. Qc2 Nbd7 12. Rfe1 Qb6 13. Rac1 Rac8 14. Qb1 Bb7 15. Qa1 Rfd8 16. Nf1 Bf8 17. Ne3 Nd5 18. Ng4 f6 19. h3 e5 20. a3 Qe6 21. Nd2 h5 22. Nh2 Ba8 23. Nhf1 h4 24. e4 Ne7 25. f4 g6 26. f5 gxf5 27. gxh4 Bh6 28. Re2 Kh7 29. Kh1 Rg8 30. Ne3 Bxe3 31. Rxe3 f4 32. Re2 Rg3 33. Rf1 Rxd3 34. Rf3 Rxf3 35. Bxf3 Qxh3+ 36. Rh2 Qe6 37. Qd1 Rg8 38. Bg2 Rg3 39. Qh5+ Kg7 40. Qe8 Bc6 41. h5 Kh7 42. Nf3 Rg8 43. Bh3 Rxe8 44. Bxe6 Bxe4 45. Rf2 Bf5 46. Bxd7 Bxd7 47. Kh2 Nf5 48. Rc2 Rc8 49. Nd2 Ne3 50. Rc1 Rg8 51. Rg1 Ng4+ 52. Kh3 Ne3+ 53. Kh2 Ng4+ 54. Kh3 Kh6 55. b4 Rg5 56. Nf3 Ne3+ 0-1